Speaker Recognition System For Security Applications / (Record no. 188979)

000 -LEADER
fixed length control field 00840 a2200193 4500
003 - CONTROL NUMBER IDENTIFIER
control field NUST
005 - DATE AND TIME OF LATEST TRANSACTION
control field 20251124171047.0
040 ## - CATALOGING SOURCE
Transcribing agency Nust
082 ## - DEWEY DECIMAL CLASSIFICATION NUMBER
Classification number 621.382,ZAK
100 ## - MAIN ENTRY--PERSONAL NAME
Personal name Zakki, Capt. Jawad (TCC-19/ TE-44)
9 (RLIN) 131480
245 ## - TITLE STATEMENT
Title Speaker Recognition System For Security Applications /
Statement of responsibility, etc. Capt. Jawad Zakki ,GC. Yousaf Khattak and NC. Faizan Doger
260 ## - PUBLICATION, DISTRIBUTION, ETC.
Place of publication, distribution, etc. Rawalpindi
Name of publisher, distributor, etc. MCS (NUST)
Date of publication, distribution, etc. July 2011
300 ## - PHYSICAL DESCRIPTION
Extent x,69 p.;
505 ## - FORMATTED CONTENTS NOTE
Formatted contents note Introduction (Page-1), Speaker Recognition (Page-4), Voice Activity Detection (Page-13), Feature Extraction (Page-17), Vector Quantization (Page-31), Performance Evaluation (Page-38), Conclusion and Recommendations (Page-42), References (Page-43).
650 ## - SUBJECT ADDED ENTRY--TOPICAL TERM
Topical term or geographic name entry element UG Projects
9 (RLIN) 98716
651 ## - SUBJECT ADDED ENTRY--GEOGRAPHIC NAME
Geographic name TE-44/TCC-19
9 (RLIN) 131481
700 ## - ADDED ENTRY--PERSONAL NAME
Personal name Supervised by Dr. Adil Masood Siddiqui
9 (RLIN) 132046
942 ## - ADDED ENTRY ELEMENTS (KOHA)
Source of classification or shelving scheme
Koha item type Project Report
Holdings
Withdrawn status Lost status Source of classification or shelving scheme Damaged status Not for loan Permanent Location Current Location Shelving location Date acquired Full call number Barcode Date last seen Price effective from Koha item type Public note
          Military College of Signals (MCS) Military College of Signals (MCS) Reference 12/12/2016 621.382,ZAK MCSPTC-135 12/08/2016 12/12/2016 Project Report Almirah No. 94, Shelf No. 3
          Military College of Signals (MCS) Military College of Signals (MCS) Reference 12/12/2016 621.382,ZAK MCSPTE-195 12/08/2016 12/12/2016 Project Report  
© 2023 Central Library, National University of Sciences and Technology. All Rights Reserved.